| 000 | 003140000a22001090004500 | ||
|---|---|---|---|
| 090 |
_aAS _bSeriadas |
||
| 245 | 1 | 0 | _aNew genus of Rhytirrhinini from Colombia (<Coleoptera: Curculionidae>) |
| 041 | 0 | _aInglés | |
| 100 | 1 |
_aMorrone, Juan J. _94481 |
|
| 942 | _cARTICULO | ||
| 773 | 1 |
_tCaldasia _345 _h82-85 _q603-606 _d1995 _g17 |
|
| 999 |
_c14725 _d14725 |
||